000 00582nam a2200205Ia 4500
003 GCL
008 140319s9999 xx 000 0 eng d
020 _a0855329289
040 _aGCL /
_cGCL
082 0 4 _a745.54
_bW T
100 1 _aWILSON, JANET
245 1 0 _aTRADITIONAL PAPERCRAFTS :
_bPARCHMENT CRAFT, STENCIL EMBOSSING, PAPER PRICKING, QUILLING /
_cWILSON, JANET
260 _aنيويورك :
_bSEARCH PRESS ،
_c2003
300 _a32 CM ؛
_c191 P
650 0 4 _aHANDICRAFTS
650 0 4 _aPAPER CRAFT
650 0 4 _aPAPER
650 0 4 _aPAPER PRODUCTS
942 _2ddc
_cBK
999 _c6558
_d6558